An anthropologist among the historians and other essays / (Record no. 238)
[ view plain ]
| 000 -LEADER | |
|---|---|
| fixed length control field | 00601cam a2200181 a 4500 |
| 001 - CONTROL NUMBER | |
| control field | 1017305 |
| 005 - DATE AND TIME OF LATEST TRANSACTION | |
| control field | 20240130045357.0 |
| 008 - FIXED-LENGTH DATA ELEMENTS--GENERAL INFORMATION | |
| fixed length control field | 880707s1987 ii b 000 0 eng |
| 020 ## - INTERNATIONAL STANDARD BOOK NUMBER | |
| ISBN | 0195626168 |
| 040 ## - CATALOGING SOURCE (பட்டியலாக்க மூலம்) | |
| Original cataloging agency | DLC |
| Transcribing agency | DLC |
| Modifying agency | DLC |
| 082 00 - DDC Classification | |
| Class No. | 954 |
| DDC Edition Number | 20 |
| Item Number - Author Mark | BER. |
| 100 1# - MAIN ENTRY--PERSONAL NAME | |
| Personal name | Cohn, Bernard S., |
| 245 13 - TITLE STATEMENT | |
| Title | An anthropologist among the historians and other essays / |
| Statement of responsibility, etc. | Bernard S. Cohn ; with an introduction by Ranajit Guha. |
| 260 ## - PUBLICATION, DISTRIBUTION, ETC. | |
| Place of publication, distribution, etc. | Delhi ; |
| -- | New York : |
| Name of publisher, distributor, etc. | Oxford University Press, |
| Date of publication, distribution, etc. | 1987. |
| 300 ## - PHYSICAL DESCRIPTION | |
| Extent (e.g. Volumes, Pages etc.) | xxvi, 682 p. ; |
| 856 42 - ELECTRONIC LOCATION AND ACCESS | |
| Uniform Resource Identifier | <a href="http://www.loc.gov/catdir/enhancements/fy0639/87900035-d.html">http://www.loc.gov/catdir/enhancements/fy0639/87900035-d.html</a> |
| 942 ## - Koha item type (Biblio) | |
| Koha item type | Books in Stacks (Lending) |
| Lost status | Damaged status | Collection code | Home library | Current library | Date acquired | Full call number | Accession Number | Item type |
|---|---|---|---|---|---|---|---|---|
| Lending | WERC Library | WERC Library | 01/30/2024 | 954 BER. | 1263 | Books in Stacks (Lending) |
